00633 2200241 4500001002100000005001700021008004100038020001800079035002400097082001500121090002000136245006100156250001100217260002900228300002400257500002700281650001100308700002100319850001500340980001500355985000600370999001500376YOGYA-0209000006111720090227035904.0 ind  a979-459-932-8 0010-020900000061117 a819.959851 a819.959851bPap aPAPARIKAN lawebalih aksara dan bahasacI. Made Sudiarga aCet. 1 aJakartabDepdikbudc1999 avii, 375 hlmc21 cm aBibliografi : hlm. 375 aSastra aSudiarga, I Made aYOPDYOG(M) a08-02-2008 a1 a00A0002012